000 00778nam a2200205Ii 4500
003 JO-AjNU
008 230605s9999||||xx |||||||||||||| ||und||
040 _aJO-AjNU
_bara
_erda
_cJO-AjNU
041 _aara
050 1 4 _aTA444.D3764 2004
100 3 _aدرويش، عماد,
_eauthor
_951309
245 0 0 _aالتحليل والتصميم الانشائي بمساعدة برنامج بروكون الجزء الاول :النمذجة والتحليل الانشائي
250 _aط1
264 3 1 _aدمشق :دار دمشق للطباعة ،2004
300 _aج1، 214ص
336 _atext
_btxt
_2rdacontent
337 _aunmediated
_bn
_2rdamedia
338 _avolume
_bnc
_2rdacarrier
650 4 _aالتحليل-تصميم-الوصلات الفولاذية
_951310
999 _aA22655
_c26223
_d26223